Flip chart magic : 77 energizing ideas for novice and expert :

Bibliographic Details
Main Authors: Arch, Dave (Author), Torgrimson, Ivar (Author)
Format: Book
Language:English
Published: Amberst : HRD Press 1999
Subjects:

MARC

LEADER 00000cam a2200000 7i4500
001 0000012714
005 20241021.0
008 030915 maua eng
020 |a 0874255074 
040 |a INS   |b eng   |e rda 
090 0 0 |a HD38   |b .A73 1999 
100 1 |a Arch, Dave ,   |e author 
245 1 0 |a Flip chart magic :   |b 77 energizing ideas for novice and expert :   |b a seminar in a book   |c by Dave Arc and Ivar Torgrimson 
264 1 |a Amberst :   |b HRD Press   |c 1999 
264 4 |c ©1999 
300 |a ix,175 pages :   |b illustrations ;   |c 28 cm. 
336 |a text  |2 rdacontent 
337 |a unmediated  |2 rdamedia 
338 |a volume  |2 rdacarrier 
650 0 |a Management   |x Charts   |y Diagrams   |z etc 
700 1 |a Torgrimson, Ivar ,   |e author 
999 |a 0000013577   |b BOOK   |c Open Shelf   |e Default branch 
999 |a 0000013578   |b BOOK   |c Open Shelf   |e Default branch